Quick Pick: What They Want Quiz Stats

 Plays Quiz Updated Feb 9, 2018

Challenge
Share
Tweet
Embed
Score 0/10 Timer 01:00
0 Plays Today
% Correct
To Hold Your Hand
91.6%
To Know What Love Is
81.9%
His Mullet Back
79.7%
Your Sex
72.1%
To Break Free
71.2%
You Back
70.4%
A New Drug
62.5%
To Come Over
58.7%
Candy
58.1%
The Airwaves
40.9%

Today's Daily Dose

Word Ladder
Homophones Ate

Quick Pick
RGB Colors

On This Day
August 18th II

You're not logged in!

Compare scores with friends on all Sporcle quizzes.
Join for Free
OR
Log In

You Might Also Like...

Show Comments

Extras

Top Quizzes Today


Score Distribution

Your Account Isn't Verified!

In order to create a playlist on Sporcle, you need to verify the email address you used during registration. Go to your Sporcle Settings to finish the process.

Report this User

Report this user for behavior that violates our Community Guidelines.

Details: